[Event "Ceriano Laghetto op-A 19th"]
[Site "Ceriano Laghetto"]
[Date "2010.03.??"]
[Round "4"]
[White "D'Alessio, Angelo"]
[Black "Salvador, Roland"]
[Result "0-1"]
[WhiteElo "2031"]
[BlackElo "2483"]
[PlyCount "78"]
[EventDate "2010.03.??"]
[EventType "swiss"]
[EventRounds "5"]
[EventCountry "ITA"]
[SourceTitle "EXT 2024"]
[Source "ChessBase"]
[SourceDate "2023.10.10"]
[SourceVersion "1"]
[SourceVersionDate "2023.10.10"]
[SourceQuality "1"]

1. e4 c5 2. Nf3 e6 3. d4 cxd4 4. Nxd4 Nc6 5. c4 Nf6 6. Nc3 Bb4 7. Nxc6 bxc6 8. Bd3 Bxc3+ 9. bxc3 Qa5 10. Bd2 e5 11. Qf3 d6 12. 0-0 Be6 13. Qg3 0-0 14. Bh6 Ne8 15. Bd2 Kh8 16. f4 exf4 17. Rxf4 Bxc4 18. Bxc4 Qc5+ 19. Kh1 Qxc4 20. Qf3 Qe6 21. a4 Nf6 22. Re1 Nd7 23. Be3 Ne5 24. Qg3 c5 25. Rf5 f6 26. h4 Rab8 27. h5 h6 28. Bf4 Qc4 29. Qe3 Kh7 30. Qg3 Qxa4 31. Bxh6 Qd7 32. Bf4 Qf7 33. Rf1 Rbe8 34. Bxe5 Rxe5 35. Qd3 Qe7 36. R1f4 Re8 37. h6 Rxf5 38. exf5 Qe1+ 39. Kh2 Re3 0-1

[Event "Milan Sport&Cultura op"]
[Site "Milan"]
[Date "2010.02.14"]
[Round "5"]
[White "D'Alessio, Angelo"]
[Black "Colombo, Luca"]
[Result "1-0"]
[WhiteElo "2017"]
[BlackElo "1874"]
[PlyCount "83"]
[EventDate "2010.02.12"]
[EventType "swiss"]
[EventRounds "5"]
[EventCountry "ITA"]
[SourceTitle "EXT 2011"]
[Source "ChessBase"]
[SourceDate "2010.11.26"]
[SourceVersion "1"]
[SourceVersionDate "2010.11.26"]
[SourceQuality "1"]

1. e4 c5 2. Nf3 d6 3. d4 cxd4 4. Nxd4 Nf6 5. Nc3 g6 6. Be3 Bg7 7. f3 0-0 8. Qd2 Nc6 9. 0-0-0 Bd7 10. g4 Rc8 11. h4 Ne5 12. h5 Qa5 13. hxg6 fxg6 14. Kb1 Nxf3 15. Nxf3 Rxc3 16. Qxc3 Qxc3 17. bxc3 Bxg4 18. Bc4+ Kh8 19. Rdf1 Nxe4 20. Ng5 Rxf1+ 21. Rxf1 Nxc3+ 22. Kc1 d5 23. Nf7+ Kg8 24. Nh6+ Bxh6 25. Bxh6 Bf5 26. Bd3 e6 27. Kb2 Ne4 28. Ka3 Nc5 29. Bxf5 exf5 30. Rd1 Kf7 31. Rxd5 b6 32. Rd8 Kf6 33. Rf8+ Ke5 34. Rh8 Ke4 35. Rxh7 f4 36. Re7+ Kf3 37. Rf7 Ne6 38. Rf6 Nd8 39. Bxf4 Kg4 40. Bc7 Nb7 41. Rxg6+ Kf3 42. Bb8 1-0

[Event "Conegliano op"]
[Site "Conegliano"]
[Date "2008.06.01"]
[Round "2"]
[White "D'Alessio, Angelo"]
[Black "Lazzeri, Santos Gerardo"]
[Result "0-1"]
[WhiteElo "1976"]
[BlackElo "2112"]
[PlyCount "120"]
[EventDate "2008.05.31"]
[EventType "swiss"]
[EventRounds "6"]
[EventCountry "ITA"]
[SourceTitle "CBM 124 Extra"]
[Source "ChessBase"]
[SourceDate "2008.07.03"]
[SourceVersion "1"]
[SourceVersionDate "2008.07.03"]
[SourceQuality "1"]

1. e4 e5 2. Nf3 Nc6 3. Bb5 a6 4. Ba4 Nf6 5. 0-0 Nxe4 6. d4 b5 7. Bb3 d5 8. Nxe5 Nxe5 9. dxe5 Be6 10. c3 Bc5 11. Nd2 Nxd2 12. Qxd2 Bb6 13. a4 c5 14. axb5 axb5 15. Rxa8 Qxa8 16. Qg5 g6 17. Qf6 Rg8 18. Bh6 Bd8 19. Qf3 c4 20. Bc2 Bc7 21. Qe3 Qb8 22. Re1 Bb6 23. Qf4 Qa7 24. h4 Kd7 25. Rd1 Kc6 26. Qf3 Ra8 27. b3 Qa2 28. bxc4 bxc4 29. Rc1 Qb2 30. Be3 h5 31. Kh2 Bc7 32. Qf6 Qb8 33. Bd4 Bd8 34. Qf4 Qb2 35. Be3 Ra1 36. Rxa1 Qxa1 37. Qd4 Qa5 38. Bd1 Bb6 39. Qd2 Bxe3 40. Qxe3 Qc5 41. Qd2 Bf5 42. Bf3 Bd3 43. Qa2 Kc7 44. Qd2 d4 45. cxd4 Qxd4 46. Qg5 Qd7 47. Qe3 Qe6 48. Qd4 Qb6 49. Qf4 Qe6 50. Qd4 f6 51. exf6 Qd6+ 52. Qxd6+ Kxd6 53. g4 c3 54. Bd1 c2 55. Bxc2 Bxc2 56. Kg3 Bd1 57. gxh5 gxh5 58. Kf4 Ke6 59. Kg5 Kf7 60. Kf5 Be2 0-1

[Event "Bresso op 6th"]
[Site "Bresso"]
[Date "2007.06.17"]
[Round "5"]
[White "Rettore, Ludwig"]
[Black "D'Alessio, Angelo"]
[Result "0-1"]
[WhiteElo "2172"]
[BlackElo "1440"]
[PlyCount "122"]
[EventDate "2007.06.14"]
[EventType "swiss"]
[EventRounds "6"]
[EventCountry "ITA"]
[SourceTitle "EXT 2010"]
[Source "ChessBase"]
[SourceDate "2010.11.25"]
[SourceVersion "1"]
[SourceVersionDate "2010.11.25"]
[SourceQuality "1"]

1. e4 e6 2. d4 d5 3. Nc3 Nf6 4. Bg5 Be7 5. e5 Nfd7 6. Bxe7 Qxe7 7. f4 a6 8. Nf3 c5 9. Bd3 Nc6 10. 0-0 cxd4 11. Ne2 Nc5 12. Nexd4 Nxd3 13. Qxd3 Bd7 14. Kh1 h6 15. c3 0-0 16. Rae1 Rac8 17. h3 f5 18. exf6 Rxf6 19. Ne5 Nxd4 20. Qxd4 Bb5 21. Rf3 Qc5 22. Qd2 Rcf8 23. Ng4 Rg6 24. Qc2 Be8 25. f5 exf5 26. Rxf5 Rg5 27. Rxg5 hxg5 28. Qd2 Bg6 29. Qxg5 Qd6 30. Qe5 Qxe5 31. Rxe5 Rf1+ 32. Kh2 Rb1 33. Re2 Kh7 34. Rd2 Be4 35. Nf2 Kg6 36. Nxe4 dxe4 37. Kg3 Kf5 38. Rf2+ Ke5 39. Re2 b5 40. Kg4 Rf1 41. Kg5 Rf7 42. h4 Rf6 43. h5 Rf7 44. Kg6 Rd7 45. g3 Rc7 46. Re3 Rd7 47. b4 Rd3 48. Re2 Rxg3+ 49. Kf7 e3 50. Rc2 Kd5 51. a4 Kc4 52. axb5 axb5 53. Rc1 e2 54. Re1 Kd3 55. c4 bxc4 56. b5 Kd2 57. Rb1 Rb3 58. Rh1 e1Q 59. Rxe1 Kxe1 60. Kxg7 Rxb5 61. h6 Rh5 0-1